000 01382cam a22002775a 4500
001 K121218
008 071221s2018 xxk f 000 0 eng d
020 _a9780198822110
035 _a(Sirsi) u159194
041 0 _aeng
050 0 4 _a347.4107 $2 18
100 1 _aCoulson, Peter
245 0 0 _aCoulson on construction adjudication
250 _a4th ed
260 _aOxford
_bOxford University Press
_c2018
300 _axxxv, 633p.
_c26cm.
520 _aDeals comprehensively with the law and practice of adjudication in construction and engineering disputes. Covers the Housing Grants, Construction and Regeneration Act 1996; Local Democracy, Economic Development and Construction Act 2009; other types of adjudication such as the contractual adjudication procedures set out in standard forms of contracts; issues of fairness and natural justice, and enforcement. Also offers a practical guide to the adjudication process. Includes a table of cases and table of legislation, treaties and conventions.
520 _aSupersedes 3rd ISBN 9780198726548
650 2 4 _aHOUSING GRANTS, CONSTRUCTION AND REGENERATION ACT 1996
650 2 4 _aLOCAL DEMOCRACY, ECONOMIC DEVELOPMENT AND CONSTRUCTION ACT 2009
650 2 4 _aGrove Developments Ltd v S@T (UK) Ltd
650 2 4 _aAdjudication
651 4 _aEngland and Wales
690 _aDispute resolution
_96236
942 _n0
999 _c121218
_d121218